[Event "Valeria's Master RR"]
[Site "Victoria CAN"]
[Date "2005.03.12"]
[Round "3.2"]
[White "Moore, Harry"]
[Black "Yoos, John"]
[Result "1-0"]
[WhiteElo "2285"]
[BlackElo "2407"]
[PlyCount "77"]
[GameId "2160767910965490"]
[EventDate "2005.03.12"]
[EventType "tourn"]
[EventRounds "5"]
[EventCountry "CAN"]

1. e4 g6 2. d4 d6 3. Nc3 Bg7 4. f4 Nf6 5. Nf3 O-O 6. Bd3 Na6 7. O-O c5 8. d5 Rb8 9. Qe2 Nc7 10. a4 a6 11. a5 Bg4 12. h3 Bxf3 13. Qxf3 Nd7 14. Ne2 b5 15. axb6 Rxb6 16. Ra2 Qb8 17. b3 e6 18. Bb2 exd5 19. exd5 Bxb2 20. Rxb2 Nf6 21. Bc4 Qa8 22. f5 Nd7 23. Ra2 Qd8 24. Nc3 Qh4 25. Ne4 f6 26. fxg6 hxg6 27. Ra4 f5 28. Nd2 Qd4+ 29. Rf2 Qg7 30. Qg3 Ne5 31. Nf3 Nxf3+ 32. Rxf3 Qf6 33. Bd3 Qg7 34. Rh4 Rf6 35. Qg5 Rb8 36. Rh6 Rbf8 37. Rg3 Kf7 38. Qh4 Kg8 39. Bxf5 1-0

[Event "Valeria's Master RR"]
[Site "Victoria CAN"]
[Date "2005.03.12"]
[Round "3.3"]
[White "Martinovsky, Ian"]
[Black "Gansvind, Valeriya"]
[Result "1/2-1/2"]
[WhiteElo "2224"]
[BlackElo "2297"]
[PlyCount "60"]
[GameId "2160767910965491"]
[EventDate "2005.03.12"]
[EventType "tourn"]
[EventRounds "5"]
[EventCountry "CAN"]

1. c4 e5 2. g3 Nc6 3. Bg2 d6 4. d3 g6 5. Nf3 Bg7 6. Nc3 h6 7. e4 Be6 8. Be3 Qd7 9. Nd5 Nd8 10. Qd2 c6 11. Nc3 Ne7 12. O-O Bh3 13. Rad1 Bxg2 14. Kxg2 f5 15. d4 f4 16. dxe5 fxe3 17. Qxe3 O-O 18. exd6 Nc8 19. Nh4 Qe6 20. c5 b6 21. d7 Ne7 22. Rd6 Qf7 23. cxb6 axb6 24. Nf3 Nb7 25. Rd2 Rad8 26. Rfd1 Nc5 27. h4 Ne6 28. a4 Nc5 29. Rd6 Nxd7 30. R6d2 Nc5 1/2-1/2

[Event "Valeria's Master RR"]
[Site "Victoria CAN"]
[Date "2005.03.13"]
[Round "4.1"]
[White "Meng, Fanhao"]
[Black "Gansvind, Valeriya"]
[Result "1-0"]
[WhiteElo "2251"]
[BlackElo "2297"]
[PlyCount "72"]
[GameId "2160767910965492"]
[EventDate "2005.03.12"]
[EventType "tourn"]
[EventRounds "5"]
[EventCountry "CAN"]

1. e4 c5 2. c3 d5 3. exd5 Qxd5 4. d4 Nc6 5. dxc5 Qxd1+ 6. Kxd1 e5 7. b4 a5 8. Bb5 Bd7 9. Nf3 axb4 10. cxb4 O-O-O 11. Bxc6 Bxc6+ 12. Nbd2 f6 13. a3 e4 14. Ne1 Nh6 15. h3 Nf5 16. Bb2 e3 17. fxe3 Ng3 18. Rg1 Ba4+ 19. Nc2 Ne4 20. Bd4 Ng3 21. Nb1 Nf5 22. Kc1 Bxc2 23. Kxc2 Nxd4+ 24. exd4 Rxd4 25. Nc3 Be7 26. Rge1 Kd7 27. Nb5 Rd5 28. Rad1 Rxd1 29. Rxd1+ Kc8 30. Nc3 Bd8 31. Re1 Kd7 32. Nd5 h5 33. Kc3 h4 34. Kc4 Rh5 35. Rd1 Kc8 36. Kb5 Rxd5 1-0

[Event "Valeria's Master RR"]
[Site "Victoria CAN"]
[Date "2005.03.13"]
[Round "4.2"]
[White "Yoos, John"]
[Black "Martinovsky, Ian"]
[Result "1/2-1/2"]
[WhiteElo "2407"]
[BlackElo "2224"]
[PlyCount "54"]
[GameId "2160767910965493"]
[EventDate "2005.03.12"]
[EventType "tourn"]
[EventRounds "5"]
[EventCountry "CAN"]

1. e4 c5 2. Nf3 d6 3. d4 cxd4 4. Nxd4 Nf6 5. Nc3 Nc6 6. Bg5 g6 7. Bxf6 exf6 8. Bb5 Bd7 9. Bc4 a6 10. O-O Bg7 11. Nxc6 Bxc6 12. Qd3 O-O 13. Rad1 Qa5 14. Nd5 Rfe8 15. Kh1 b5 16. Bb3 Bd7 17. Qg3 Re5 18. Ne3 Qb6 19. Bd5 Rae8 20. f4 Rxe4 21. Bxe4 Rxe4 22. Nd5 Qc5 23. Qc3 Bg4 24. Qxc5 dxc5 25. Rde1 f5 26. h3 Be2 27. Rf2 Bc4 1/2-1/2

[Event "Valeria's Master RR"]
[Site "Victoria CAN"]
[Date "2005.03.13"]
[Round "4.3"]
[White "Wu, Howard"]
[Black "Moore, Harry"]
[Result "0-1"]
[WhiteElo "2185"]
[BlackElo "2285"]
[PlyCount "58"]
[GameId "2160767910965494"]
[EventDate "2005.03.12"]
[EventType "tourn"]
[EventRounds "5"]
[EventCountry "CAN"]

1. e4 c5 2. Nf3 d6 3. d4 cxd4 4. Nxd4 Nf6 5. Nc3 g6 6. Be2 Bg7 7. Nb3 Nc6 8. O-O O-O 9. Bg5 Be6 10. Kh1 Na5 11. e5 Nxb3 12. exf6 exf6 13. axb3 fxg5 14. Bf3 Qd7 15. Ra4 a6 16. Rb4 Rab8 17. Rb6 Rfd8 18. Na4 Qc7 19. c4 Be5 20. Bd5 Bd7 21. c5 Bxa4 22. bxa4 dxc5 23. Qb3 c4 24. Bxc4 Bd4 25. Rb4 Bc5 26. Re1 Bxb4 27. Qxb4 Re8 28. Rc1 Qf4 29. Rc2 b5 0-1

[Event "Valeria's Master RR"]
[Site "Victoria CAN"]
[Date "2005.03.13"]
[Round "5.1"]
[White "Moore, Harry"]
[Black "Meng, Fanhao"]
[Result "1-0"]
[WhiteElo "2285"]
[BlackElo "2251"]
[PlyCount "113"]
[GameId "2160767910965495"]
[EventDate "2005.03.12"]
[EventType "tourn"]
[EventRounds "5"]
[EventCountry "CAN"]

1. d4 g6 2. c4 Bg7 3. Nf3 d6 4. Nc3 Nc6 5. d5 Nb8 6. e4 e5 7. Be2 Ne7 8. h4 Nd7 9. h5 a5 10. hxg6 hxg6 11. Rxh8+ Bxh8 12. Be3 f6 13. Qd2 Kf7 14. O-O-O b6 15. Nh4 Nf8 16. Rh1 Bg7 17. Bh6 Bd7 18. Bxg7 Kxg7 19. f4 exf4 20. Qxf4 g5 21. Qg3 Nfg6 22. Nf3 Qf8 23. Nd4 Ne5 24. Ncb5 Rc8 25. Rh5 N7g6 26. Qh2 Qf7 27. g3 Ng4 28. Bxg4 Bxg4 29. Nf5+ Bxf5 30. exf5 Nf8 31. Nd4 Nh7 32. Rh6 Kh8 33. Ne6 Qe7 34. Rg6 Rg8 35. Qh6 Qd7 36. g4 Qf7 37. b3 Qe7 38. Kd2 Qf7 39. Kd3 Qe7 40. Ke4 a4 41. b4 b5 42. cxb5 Qd7 43. Qh5 Re8 44. Rh6 Rb8 45. Qg6 Qe7 46. Kd3 Rc8 47. Kc4 Rb8 48. Kc3 Rc8 49. Kb2 Rb8 50. Ka3 Ra8 51. Rh3 Rb8 52. Kxa4 c6 53. Rxh7+ Qxh7 54. Qxh7+ Kxh7 55. bxc6 Kg8 56. c7 Ra8+ 57. Kb5 1-0

[Event "Valeria's Master RR"]
[Site "Victoria CAN"]
[Date "2005.03.13"]
[Round "5.2"]
[White "Martinovsky, Ian"]
[Black "Wu, Howard"]
[Result "1-0"]
[WhiteElo "2224"]
[BlackElo "2185"]
[PlyCount "85"]
[GameId "2160767910965496"]
[EventDate "2005.03.12"]
[EventType "tourn"]
[EventRounds "5"]
[EventCountry "CAN"]

1. e4 c5 2. Nc3 Nc6 3. f4 g6 4. Nf3 Bg7 5. Bb5 Nd4 6. O-O a6 7. Bd3 d6 8. Nxd4 cxd4 9. Ne2 Nf6 10. c3 dxc3 11. dxc3 O-O 12. Kh1 b5 13. Ng3 Qb6 14. Qe2 Qc7 15. Re1 Nd7 16. Be3 Nc5 17. Bc2 Rb8 18. a3 Be6 19. f5 Bc4 20. Qd1 f6 21. Qg4 Bf7 22. Rad1 Nd7 23. Bd4 Ne5 24. Bxe5 fxe5 25. h4 Kh8 26. Rf1 Bf6 27. fxg6 Bxg6 28. Bb3 Qc8 29. Be6 Qc5 30. h5 Bf7 31. Rxf6 exf6 32. Nf5 Rg8 33. Qh4 Rg5 34. Bxf7 Rb6 35. h6 a5 36. Qh3 Rb8 37. Qf3 Rf8 38. Nxd6 f5 39. exf5 Qa7 40. g4 Rxf7 41. Nxf7+ Qxf7 42. Rd8+ Rg8 43. Qa8 1-0

[Event "Valeria's Master RR"]
[Site "Victoria CAN"]
[Date "2005.03.13"]
[Round "5.3"]
[White "Gansvind, Valeriya"]
[Black "Yoos, John"]
[Result "0-1"]
[WhiteElo "2297"]
[BlackElo "2407"]
[PlyCount "80"]
[GameId "2160767910965497"]
[EventDate "2005.03.12"]
[EventType "tourn"]
[EventRounds "5"]
[EventCountry "CAN"]

1. d4 d5 2. b3 c6 3. e3 Nf6 4. Bd3 Bg4 5. Ne2 e6 6. Bb2 Bd6 7. Nd2 Nbd7 8. c4 O-O 9. c5 Bc7 10. h3 Bxe2 11. Bxe2 e5 12. O-O Re8 13. b4 Qe7 14. Nb3 Ne4 15. Bd3 Ng5 16. Bf5 e4 17. Bc3 Nf8 18. h4 Nge6 19. g3 g6 20. Bh3 Ng7 21. Re1 f6 22. Qe2 g5 23. hxg5 fxg5 24. b5 h5 25. bxc6 bxc6 26. Na5 Bxa5 27. Bxa5 g4 28. Bg2 Nfe6 29. Reb1 Rf8 30. Rb2 Rac8 31. Rab1 Nf5 32. Rb7 Qg5 33. Rxa7 h4 34. Be1 hxg3 35. fxg3 Rf6 36. Bf2 Rcf8 37. Be1 Rh6 38. Rb3 Qh5 39. Bxe4 dxe4 40. Qg2 Ng5 0-1

[Event "Vancouver op"]
[Site "Vancouver CAN"]
[Date "2005.01.15"]
[Round "1"]
[White "Davies, Lucas"]
[Black "Brown, Paul2"]
[Result "1-0"]
[WhiteElo "2128"]
[BlackElo "2236"]
[PlyCount "84"]
[GameId "2160767911031602"]
[EventDate "2005.01.15"]
[EventType "swiss"]
[EventRounds "4"]
[EventCountry "CAN"]
[SourceTitle "EXT 2008"]
[Source "ChessBase"]
[SourceDate "2007.11.25"]
[SourceVersion "1"]
[SourceVersionDate "2007.11.25"]
[SourceQuality "1"]

1. e4 e6 2. d4 d5 3. Nd2 c5 4. exd5 Qxd5 5. Ngf3 cxd4 6. Bc4 Qd6 7. O-O Nf6 8. Nb3 Be7 9. Nbxd4 a6 10. Re1 Qc7 11. Bd3 O-O 12. Bg5 b6 13. c3 Bb7 14. Ne5 Nbd7 15. Nxd7 Qxd7 16. Bxf6 Bxf6 17. Nxe6 Qd5 18. Be4 Qxd1 19. Raxd1 fxe6 20. Bxb7 Ra7 21. Bf3 e5 22. Rd6 b5 23. Red1 Rc8 24. Kf1 Kf8 25. Ke2 Rc4 26. Re6 Rcc7 27. Rdd6 a5 28. Bh5 Ra8 29. Ra6 Rcc8 30. Rxa8 Rxa8 31. Kd3 Rd8+ 32. Kc2 Rc8 33. Kb3 a4+ 34. Kb4 Be7+ 35. Kxb5 a3 36. b3 Rxc3 37. Rc6 Rd3 38. Rc8+ Rd8 39. Rxd8+ Bxd8 40. Ka4 g6 41. Be2 e4 42. Kxa3 Bb6 1-0

[Event "Vancouver op"]
[Site "Vancouver CAN"]
[Date "2005.01.15"]
[Round "1"]
[White "Johnson, Tyler"]
[Black "Davies, Noam"]
[Result "0-1"]
[WhiteElo "2068"]
[BlackElo "2008"]
[PlyCount "88"]
[GameId "2160767911031603"]
[EventDate "2005.01.15"]
[EventType "swiss"]
[EventRounds "4"]
[EventCountry "CAN"]
[SourceTitle "EXT 2008"]
[Source "ChessBase"]
[SourceDate "2007.11.25"]
[SourceVersion "1"]
[SourceVersionDate "2007.11.25"]
[SourceQuality "1"]

1. d3 d5 2. g3 g6 3. Bg2 Bg7 4. Nc3 Nf6 5. Bd2 c5 6. e4 d4 7. Nce2 e5 8. Nh3 O-O 9. O-O Nc6 10. f3 Be6 11. Ng5 Bd7 12. Kh1 h6 13. Nh3 Ne8 14. f4 Qc8 15. Nf2 Nd6 16. fxe5 Nxe5 17. Nf4 Be6 18. Qe2 Rd8 19. Nxe6 Qxe6 20. Bh3 Qe7 21. Ng4 Nxg4 22. Bxg4 Re8 23. Qf3 f6 24. e5 fxe5 25. Qd5+ Kh7 26. Qxc5 b6 27. Qc6 e4 28. dxe4 Nxe4 29. Rae1 Qc5 30. Bd7 Qxc6 31. Bxc6 Nxd2 32. Bxa8 Rxa8 33. Rf7 a5 34. Ree7 Rg8 35. b3 Nb1 36. Rd7 Kh8 37. Rd6 Na3 38. Rxg6 Nxc2 39. Rxb6 Nb4 40. a3 Nc2 41. b4 axb4 42. axb4 d3 43. Rd7 Ra8 44. Rxd3 Ra1+ 0-1

[Event "Vancouver op"]
[Site "Vancouver CAN"]
[Date "2005.01.15"]
[Round "1"]
[White "Lane, Travis"]
[Black "Sladek, Vaclav"]
[Result "0-1"]
[WhiteElo "1997"]
[BlackElo "1997"]
[PlyCount "42"]
[GameId "2160767911031604"]
[EventDate "2005.01.15"]
[EventType "swiss"]
[EventRounds "4"]
[EventCountry "CAN"]
[SourceTitle "EXT 2008"]
[Source "ChessBase"]
[SourceDate "2007.11.25"]
[SourceVersion "1"]
[SourceVersionDate "2007.11.25"]
[SourceQuality "1"]

1. e4 c5 2. Nf3 d6 3. d4 cxd4 4. Nxd4 Nf6 5. Nc3 a6 6. Bc4 e6 7. O-O Be7 8. Re1 O-O 9. Bg5 Qc7 10. Bb3 Nc6 11. Nxc6 bxc6 12. Qf3 h6 13. Be3 Kh8 14. a4 a5 15. Rad1 e5 16. h3 Nh7 17. g4 Be6 18. Bxe6 fxe6 19. Qg3 Ng5 20. f4 exf4 21. Bxf4 Rxf4 0-1

[Event "Vancouver op"]
[Site "Vancouver CAN"]
[Date "2005.01.15"]
[Round "1"]
[White "Paleveda, Nick"]
[Black "Harper, Bruce"]
[Result "0-1"]
[WhiteElo "2130"]
[BlackElo "2330"]
[PlyCount "70"]
[GameId "2160767911031605"]
[EventDate "2005.01.15"]
[EventType "swiss"]
[EventRounds "4"]
[EventCountry "CAN"]
[SourceTitle "EXT 2008"]
[Source "ChessBase"]
[SourceDate "2007.11.25"]
[SourceVersion "1"]
[SourceVersionDate "2007.11.25"]
[SourceQuality "1"]

1. e4 g6 2. d4 d6 3. Nc3 Bg7 4. f4 Nf6 5. Nf3 c5 6. dxc5 Qa5 7. Bd3 Qxc5 8. Qe2 O-O 9. Be3 Qb4 10. O-O Qxb2 11. Nb5 Ne8 12. Rab1 Qxa2 13. f5 Nc6 14. Rb3 Qa5 15. Ra3 Qd8 16. Bc4 e6 17. Ng5 Qe7 18. fxe6 Bxe6 19. Nxe6 fxe6 20. Rxf8+ Bxf8 21. Qg4 Ng7 22. Bg5 Qd7 23. Rh3 Ne5 24. Qh4 h5 25. Be2 a5 26. Bf6 a4 27. Qg5 Qc6 28. Bxe5 dxe5 29. Qxg6 Qxc2 30. Nc3 Bc5+ 31. Kh1 Qc1+ 32. Nd1 Qd2 33. Rf3 Qxe2 34. Qf7+ Kh7 35. h4 Rf8 0-1

[Event "Vancouver op"]
[Site "Vancouver CAN"]
[Date "2005.01.15"]
[Round "1"]
[White "Yoos, John"]
[Black "Pechisker, Alfred"]
[Result "1-0"]
[WhiteElo "2390"]
[BlackElo "2192"]
[PlyCount "75"]
[GameId "2160767911031606"]
[EventDate "2005.01.15"]
[EventType "swiss"]
[EventRounds "4"]
[EventCountry "CAN"]
[SourceTitle "EXT 2008"]
[Source "ChessBase"]
[SourceDate "2007.11.25"]
[SourceVersion "1"]
[SourceVersionDate "2007.11.25"]
[SourceQuality "1"]

1. e4 c6 2. d4 d5 3. e5 Bf5 4. Nc3 e6 5. g4 Bg6 6. Nge2 Nd7 7. h4 f6 8. h5 Bf7 9. f4 Qb6 10. Bg2 O-O-O 11. a4 Bb4 12. Rh3 Nh6 13. g5 Nf5 14. Kf1 fxg5 15. fxg5 Rhf8 16. Kg1 Nxe5 17. a5 Bxa5 18. Rxa5 Qxa5 19. dxe5 d4 20. Ne4 Qxe5 21. Bf4 Qb5 22. Rb3 Qa5 23. N2g3 Rfe8 24. Ra3 Qb6 25. Nxf5 exf5 26. Nf2 a6 27. Nd3 Rd7 28. Bg3 Re3 29. Bf2 Qd8 30. Nc5 Rd6 31. Qd2 Rxa3 32. bxa3 Qb6 33. Nd3 Re6 34. Qf4 g6 35. Bg3 Qb1+ 36. Kh2 Kd8 37. Qc7+ Ke8 38. Ne5 1-0

[Event "Vancouver op"]
[Site "Vancouver CAN"]
[Date "2005.01.15"]
[Round "2"]
[White "Brown, Paul2"]
[Black "Harper, Bruce"]
[Result "0-1"]
[WhiteElo "2236"]
[BlackElo "2330"]
[PlyCount "81"]
[GameId "2160767911031607"]
[EventDate "2005.01.15"]
[EventType "swiss"]
[EventRounds "4"]
[EventCountry "CAN"]
[SourceTitle "EXT 2008"]
[Source "ChessBase"]
[SourceDate "2007.11.25"]
[SourceVersion "1"]
[SourceVersionDate "2007.11.25"]
[SourceQuality "1"]

1. e4 g6 2. Nc3 Bg7 3. Nge2 d6 4. g3 c5 5. d3 Nc6 6. Bg2 Rb8 7. O-O b5 8. f4 b4 9. Nd5 Bg4 10. h3 Bxe2 11. Qxe2 e6 12. Ne3 Nge7 13. f5 Be5 14. fxe6 fxe6 15. Ng4 Bd4+ 16. Kh1 Kd7 17. Nf6+ Kc7 18. Ng4 h5 19. Ne3 Rf8 20. Nd1 Rxf1+ 21. Bxf1 Qh8 22. Rb1 Qf6 23. Bg2 Be5 24. g4 Nd4 25. g5 Nxe2 26. gxf6 Bxf6 27. Be3 Nc6 28. Nf2 Ncd4 29. Bxd4 Nxd4 30. Rc1 Bg5 31. Rf1 Nxc2 32. Nd1 Re8 33. Rf7+ Re7 34. Rf8 Bc1 35. Ra8 Kb6 36. Rb8+ Rb7 37. Rg8 g5 38. e5 d5 39. Re8 Nd4 40. Rh8 h4 41. Rh6 0-1

[Event "Vancouver op"]
[Site "Vancouver CAN"]
[Date "2005.01.15"]
[Round "2"]
[White "Harper, Bruce"]
[Black "Brown, Paul2"]
[Result "1/2-1/2"]
[WhiteElo "2330"]
[BlackElo "2236"]
[PlyCount "33"]
[GameId "2160767911031608"]
[EventDate "2005.01.15"]
[EventType "swiss"]
[EventRounds "4"]
[EventCountry "CAN"]
[SourceTitle "EXT 2008"]
[Source "ChessBase"]
[SourceDate "2007.11.25"]
[SourceVersion "1"]
[SourceVersionDate "2007.11.25"]
[SourceQuality "1"]

1. d4 Nf6 2. Nf3 d5 3. c4 e6 4. g3 c6 5. Qc2 Bd6 6. Bg2 Nbd7 7. O-O O-O 8. Nbd2 Qe7 9. e4 Nxe4 10. Nxe4 dxe4 11. Qxe4 e5 12. c5 Bc7 13. dxe5 Nxe5 14. Nxe5 Qxe5 15. Qb4 a5 16. Qa3 Qf6 17. f4 1/2-1/2

[Event "Vancouver op"]
[Site "Vancouver CAN"]
[Date "2005.01.15"]
[Round "2"]
[White "Pechisker, Alfred"]
[Black "Davies, Lucas"]
[Result "1-0"]
[WhiteElo "2192"]
[BlackElo "2128"]
[PlyCount "59"]
[GameId "2160767911031609"]
[EventDate "2005.01.15"]
[EventType "swiss"]
[EventRounds "4"]
[EventCountry "CAN"]
[SourceTitle "EXT 2008"]
[Source "ChessBase"]
[SourceDate "2007.11.25"]
[SourceVersion "1"]
[SourceVersionDate "2007.11.25"]
[SourceQuality "1"]

1. d4 Nf6 2. c4 g6 3. Nc3 Bg7 4. e4 d6 5. f3 O-O 6. Bg5 c5 7. d5 a6 8. a4 h6 9. Be3 Kh7 10. g4 Ne8 11. h4 Nd7 12. Ra3 Ne5 13. Be2 f5 14. h5 fxg4 15. f4 Nf7 16. hxg6+ Kxg6 17. Bxg4 Nf6 18. Bf5+ Bxf5 19. exf5+ Kh7 20. Nh3 Qd7 21. Qc2 Kg8 22. Bc1 Nh8 23. Ne2 b5 24. Rg1 bxc4 25. Bd2 Nxd5 26. Rag3 Rf7 27. Qxc4 e6 28. Bc3 Nxc3 29. fxe6 Nxe2 30. Rxg7+ 1-0

[Event "Vancouver op"]
[Site "Vancouver CAN"]
[Date "2005.01.16"]
[Round "3"]
[White "Brown, Paul2"]
[Black "Pechisker, Alfred"]
[Result "0-1"]
[WhiteElo "2236"]
[BlackElo "2192"]
[PlyCount "42"]
[GameId "2160767911031610"]
[EventDate "2005.01.15"]
[EventType "swiss"]
[EventRounds "4"]
[EventCountry "CAN"]
[SourceTitle "EXT 2008"]
[Source "ChessBase"]
[SourceDate "2007.11.25"]
[SourceVersion "1"]
[SourceVersionDate "2007.11.25"]
[SourceQuality "1"]

1. e4 c5 2. Nc3 d6 3. g3 Nc6 4. Bg2 g6 5. d3 Bg7 6. Be3 Rb8 7. a3 b5 8. Rb1 Be6 9. Nge2 Nf6 10. Nd5 Ng4 11. Bd2 b4 12. h3 Nge5 13. f4 Nd7 14. f5 Bxd5 15. exd5 Nd4 16. fxg6 hxg6 17. Nf4 Ne5 18. O-O bxa3 19. bxa3 Rxb1 20. Qxb1 Qb6 21. c3 Ndf3+ 0-1

[Event "Vancouver op"]
[Site "Vancouver CAN"]
[Date "2005.01.16"]
[Round "3"]
[White "Davies, Lucas"]
[Black "Paleveda, Nick"]
[Result "1/2-1/2"]
[WhiteElo "2128"]
[BlackElo "2130"]
[PlyCount "75"]
[GameId "2160767911031611"]
[EventDate "2005.01.15"]
[EventType "swiss"]
[EventRounds "4"]
[EventCountry "CAN"]
[SourceTitle "EXT 2008"]
[Source "ChessBase"]
[SourceDate "2007.11.25"]
[SourceVersion "1"]
[SourceVersionDate "2007.11.25"]
[SourceQuality "1"]

1. e4 c5 2. Nc3 e6 3. g3 Nc6 4. Bg2 g6 5. d3 Bg7 6. Be3 Nd4 7. Qd2 Ne7 8. Nd1 d6 9. c3 Ndc6 10. Bh6 O-O 11. h4 f6 12. Bxg7 Kxg7 13. h5 g5 14. h6+ Kh8 15. f4 Ng6 16. fxg5 fxg5 17. Ne3 Bd7 18. O-O-O Qe7 19. Nh3 Nce5 20. Rdf1 Bb5 21. c4 Bc6 22. Nd1 Rxf1 23. Rxf1 Rf8 24. Rxf8+ Nxf8 25. Ndf2 Nf7 26. Ng4 Ng6 27. Kc2 e5 28. Qf2 Bd7 29. Qf6+ Qxf6 30. Nxf6 Bxh3 31. Bxh3 Nxh6 32. Bc8 b6 33. Ne8 Nf7 34. Be6 Nd8 35. Bg4 Nf7 36. Be6 Nd8 37. Bg4 Nf7 38. Be6 1/2-1/2

[Event "Vancouver op"]
[Site "Vancouver CAN"]
[Date "2005.01.16"]
[Round "3"]
[White "Milner, Arie"]
[Black "Jiang, Louie"]
[Result "0-1"]
[WhiteElo "1393"]
[BlackElo "1721"]
[PlyCount "78"]
[GameId "2160767911031612"]
[EventDate "2005.01.15"]
[EventType "swiss"]
[EventRounds "4"]
[EventCountry "CAN"]
[SourceTitle "EXT 2008"]
[Source "ChessBase"]
[SourceDate "2007.11.25"]
[SourceVersion "1"]
[SourceVersionDate "2007.11.25"]
[SourceQuality "1"]

1. e4 c5 2. Nf3 d6 3. d4 cxd4 4. Nxd4 Nf6 5. Nc3 g6 6. Be3 Bg7 7. f3 Nc6 8. Bc4 O-O 9. Qd2 Bd7 10. O-O-O Rc8 11. Bb3 a6 12. h4 Ne5 13. Bh6 b5 14. h5 Nc4 15. Bxc4 Rxc4 16. Nce2 a5 17. Bxg7 Kxg7 18. hxg6 fxg6 19. Rh2 b4 20. Rdh1 a4 21. g4 Rh8 22. Qg5 Kf7 23. Rxh7+ Rxh7 24. Rxh7+ Nxh7 25. Qd5+ Kg7 26. Qxc4 Qa5 27. Kd1 Ng5 28. Ng1 Qb6 29. Nde2 Be6 30. Qd4+ Qxd4+ 31. Nxd4 Bxa2 32. Nc6 a3 33. b3 Bxb3 34. Kc1 Bc4 35. Nxb4 Kf6 36. Kb1 e6 37. c3 Ke5 38. Nc6+ Kf4 39. Ne7 Nxf3 0-1

[Event "Vancouver op"]
[Site "Vancouver CAN"]
[Date "2005.01.16"]
[Round "3"]
[White "Molden, Leonard"]
[Black "Davies, Noam"]
[Result "1-0"]
[WhiteElo "2037"]
[BlackElo "2008"]
[PlyCount "41"]
[GameId "2160767911031613"]
[EventDate "2005.01.15"]
[EventType "swiss"]
[EventRounds "4"]
[EventCountry "CAN"]
[SourceTitle "EXT 2008"]
[Source "ChessBase"]
[SourceDate "2007.11.25"]
[SourceVersion "1"]
[SourceVersionDate "2007.11.25"]
[SourceQuality "1"]

1. e4 c5 2. Nc3 d6 3. f4 g6 4. Nf3 Bg7 5. Bc4 a6 6. d3 Nc6 7. a3 e6 8. O-O Nge7 9. Qe1 O-O 10. f5 exf5 11. Qh4 Ne5 12. Bg5 Re8 13. Nd5 N5c6 14. Nf6+ Bxf6 15. Bxf6 f4 16. Ng5 h5 17. Nxf7 Qc7 18. Qg5 d5 19. exd5 b5 20. d6 Qa7 21. Qh6 1-0

[Event "Vancouver op"]
[Site "Vancouver CAN"]
[Date "2005.01.16"]
[Round "3"]
[White "Sladek, Vaclav"]
[Black "Monteith, Donald"]
[Result "1-0"]
[WhiteElo "1997"]
[BlackElo "1792"]
[PlyCount "89"]
[GameId "2160767911031614"]
[EventDate "2005.01.15"]
[EventType "swiss"]
[EventRounds "4"]
[EventCountry "CAN"]
[SourceTitle "EXT 2008"]
[Source "ChessBase"]
[SourceDate "2007.11.25"]
[SourceVersion "1"]
[SourceVersionDate "2007.11.25"]
[SourceQuality "1"]

1. d4 d5 2. c4 c6 3. Nf3 Nf6 4. Nc3 e6 5. e3 Qa5 6. Bd2 Qb6 7. Qc2 Be7 8. Bd3 Nbd7 9. O-O h6 10. a3 Qc7 11. Rac1 O-O 12. Rfd1 dxc4 13. Bxc4 e5 14. d5 Nb6 15. Ba2 cxd5 16. Bxd5 Nfxd5 17. Nxd5 Nxd5 18. Qxc7 Nxc7 19. Rxc7 Bd6 20. Rcc1 e4 21. Nd4 Bg4 22. Re1 a6 23. h3 Bh5 24. Nf5 Be5 25. Bc3 Rfe8 26. Bxe5 Rxe5 27. g4 Bg6 28. Nd4 h5 29. Rc7 hxg4 30. hxg4 Rg5 31. Rec1 Rxg4+ 32. Kf1 Rh4 33. Rc8+ Rxc8 34. Rxc8+ Kh7 35. Rb8 Bh5 36. Rxb7 Rh1+ 37. Kg2 Rb1 38. b3 a5 39. a4 Kg6 40. Rb6+ f6 41. Rb5 Bd1 42. Kg3 Rb2 43. Rxa5 Bf3 44. Nxf3 exf3 45. Rb5 1-0

[Event "Vancouver op"]
[Site "Vancouver CAN"]
[Date "2005.01.16"]
[Round "4"]
[White "Paleveda, Nick"]
[Black "Brown, Paul2"]
[Result "0-1"]
[WhiteElo "2130"]
[BlackElo "2236"]
[PlyCount "98"]
[GameId "2160767911031616"]
[EventDate "2005.01.15"]
[EventType "swiss"]
[EventRounds "4"]
[EventCountry "CAN"]
[SourceTitle "EXT 2008"]
[Source "ChessBase"]
[SourceDate "2007.11.25"]
[SourceVersion "1"]
[SourceVersionDate "2007.11.25"]
[SourceQuality "1"]

1. e4 e6 2. d4 d5 3. Nc3 Bb4 4. e5 c5 5. a3 Bxc3+ 6. bxc3 Ne7 7. Nf3 Qc7 8. a4 b6 9. Bb5+ Bd7 10. Bd3 Nbc6 11. O-O cxd4 12. cxd4 Nb4 13. Ba3 a5 14. Bxb4 axb4 15. Ng5 h6 16. Qh5 g6 17. Qh3 Nf5 18. Nf3 Qc3 19. Rfd1 Rxa4 20. Rab1 Ra3 21. Qg4 b3 22. cxb3 Rxb3 23. Rbc1 Qb2 24. Bxf5 exf5 25. Qh4 Rd3 26. Qf6 Rxd1+ 27. Rxd1 O-O 28. h4 Qc2 29. Ra1 Qc6 30. Qe7 Re8 31. Qb4 b5 32. Ra7 Be6 33. h5 g5 34. Qd2 Rc8 35. Kh2 Qc3 36. Rb7 Qxd2 37. Nxd2 Rc2 38. Nb3 Rxf2 39. Rxb5 Rb2 40. Rb7 f4 41. Nc5 Rxb7 42. Nxb7 Kf8 43. Nc5 Ke7 44. g3 f3 45. Nxe6 fxe6 46. g4 Kd7 47. Kg3 Kc6 48. Kxf3 Kb5 49. Ke3 Kc4 0-1

[Event "Veranda Inv."]
[Site "Fancy Lake CAN"]
[Date "2005.07.30"]
[Round "1"]
[White "Charlton, Glenn"]
[Black "Kenney, David"]
[Result "1/2-1/2"]
[WhiteElo "2069"]
[BlackElo "1734"]
[PlyCount "49"]
[GameId "2160767910900844"]
[EventDate "2005.07.30"]
[EventType "tourn"]
[EventRounds "5"]
[EventCountry "CAN"]

1. e4 c5 2. Nc3 Nc6 3. f4 d6 4. Bb5 Bd7 5. Nf3 e6 6. O-O Nf6 7. d3 Be7 8. Bd2 O-O 9. Bxc6 Bxc6 10. Qe1 h6 11. Qg3 Kh8 12. Qh3 Nh7 13. g4 Kg8 14. Qg3 f5 15. g5 hxg5 16. fxg5 g6 17. h4 e5 18. exf5 Rxf5 19. Nh2 Qd7 20. Ng4 Rxf1+ 21. Rxf1 Rf8 22. Rxf8+ Nxf8 23. Ne4 Bxe4 24. dxe4 Kg7 25. Qf3 1/2-1/2

[Event "Veranda Inv."]
[Site "Fancy Lake CAN"]
[Date "2005.07.30"]
[Round "2"]
[White "Kenney, Jason"]
[Black "Kenney, David"]
[Result "1-0"]
[WhiteElo "2146"]
[BlackElo "1734"]
[PlyCount "61"]
[GameId "2160767910900845"]
[EventDate "2005.07.30"]
[EventType "tourn"]
[EventRounds "5"]
[EventCountry "CAN"]

1. e4 e5 2. Nf3 Nc6 3. d4 exd4 4. Nxd4 Nxd4 5. Qxd4 d6 6. Be3 Nf6 7. Nc3 Be7 8. f3 Be6 9. O-O-O O-O 10. g4 a6 11. g5 Ne8 12. h4 c5 13. Qd2 Qc7 14. h5 b5 15. g6 fxg6 16. Nd5 Qb7 17. hxg6 hxg6 18. Bh3 Bxh3 19. Rxh3 Bf6 20. Qg2 g5 21. Rdh1 Nc7 22. Qg4 Kf7 23. Qd7+ Kg6 24. Qf5+ Kf7 25. Nxf6 Ke7 26. Bxg5 gxf6 27. Rh7+ Rf7 28. Rxf7+ Kxf7 29. Rh7+ Kg8 30. Qg6+ Kf8 31. Bh6# 1-0